00780nam a22002057a 450000500170000001000150001702000260003203500140005803700130007208200140008524501090009925000060020826000500021427000710026430000210033570000420035694200280039899900190042695201290044520240319150724.0 aENG-139767 a9789354420344c760.00 aEN-123299 bDBAD/PUB a791.4321 aTollygunge to Tollywood:cBy Anugyan Nag and Spandan BhattacharyabThe Bengali Film Industry Reimagined/ a1 aHyderabadbOrient Blackswan Private Ltdc2021 a3-6-752, Himayatnagar bHyderabade500029minfo@orintblackswan.com a214p.c22cm(pbk) aBhattacharya, Spandan eAuthor963571 2ddccENh791.43mNAGe1 c201595d201595 001040708NFICaBNbBNd2024-03-19eDBADg760.00l0o791.43 NAGpEN-123299r2024-03-19 00:00:00t1v760.00w2024-03-19yEN